Вып. 12; Совершенствование техники и технологии бурения скважин на твердые полезные ископаемые

Bibliographic Details
Parent link:Совершенствование техники и технологии бурения скважин на твердые полезные ископаемые: межвузовский научный тематический сборник/ Свердловский горный институт. Вып. 12.— , 1978-
Other Authors: Бажутин А. Н. (редактор)
Language:Russian
Published: 1989
Subjects:
Format: Book
KOHA link:https://koha.lib.tpu.ru/cgi-bin/koha/opac-detail.pl?biblionumber=218264

MARC

LEADER 00000nam2a2200000 4500
001 218264
005 20231101230201.0
035 |a (RuTPU)RU\TPU\book\238281 
035 |a RU\TPU\book\52853 
090 |a 218264 
100 |a 20030416d1989 k y0rusy50 ca 
101 0 |a rus 
102 |a RU 
105 |a a z 001zy 
200 0 |a Вып. 12  |f отв. ред. А. Н. Бажутин 
210 |d 1989 
215 |a 104 с.  |c ил. 
320 |a Библиогр. в конце ст. 
461 1 |0 (RuTPU)RU\TPU\book\146671  |t Совершенствование техники и технологии бурения скважин на твердые полезные ископаемые  |o межвузовский научный тематический сборник  |f Свердловский горный институт  |v Вып. 12  |d 1978-  
606 1 |a Месторождения полезных ископаемых, твердые  |2 stltpush  |3 (RuTPU)RU\TPU\subj\42252  |9 61939 
606 1 |a Бурение разведочное  |2 stltpush  |3 (RuTPU)RU\TPU\subj\67672  |9 83393 
610 1 |a геология 
610 1 |a разведочное бурение 
610 1 |a алмазное бурение 
610 1 |a скважины 
610 1 |a промывка 
610 1 |a тампонаж 
610 1 |a буровое оборудование 
610 1 |a техника 
610 1 |a технология 
675 |a 550.822.7  |v 3 
675 |a 553  |z rus  |v 3 
702 1 |a Бажутин  |b А. Н.  |4 340 
801 0 |a RU  |b RuMRKP  |c 19950417  |g psbo 
801 1 |a RU  |b 63413507  |c 20120618 
801 2 |a RU  |b 63413507  |c 20121205  |g RCR 
942 |c BK